Central Library OPAC University of Rajshahi

Rural development : (Record no. 47185)

MARC details
000 -LEADER
fixed length control field 01063nam a2200265 a 4500
001 - CONTROL NUMBER
control field 47185
003 - CONTROL NUMBER IDENTIFIER
rucl marc code BD-RjUL
005 - DATE AND TIME OF LATEST TRANSACTION
control field 20211209054255.0
008 - FIXED-LENGTH DATA ELEMENTS--GENERAL INFORMATION
fixed length control field 160807s2003 enka fo| 001 0 eng d
020 ## - INTERNATIONAL STANDARD BOOK NUMBER
International Standard Book Number 0761947663
International Standard Book Number 0761947671
035 ## - SYSTEM CONTROL NUMBER
System control number (BD-RjUL)47304
040 ## - CATALOGING SOURCE
Original cataloging agency StDuBDS
Transcribing agency StDuBDS
Description conventions pn
Language of cataloging eng
Modifying agency BD-RjUL
041 ## - LANGUAGE CODE
Language code of text/sound track or separate title eng
082 04 - DEWEY DECIMAL CLASSIFICATION NUMBER
Classification number 307.14120941
Edition number 23
Author mark and year MOR 2003
100 10 - MAIN ENTRY--PERSONAL NAME
Personal name Moseley, Malcolm J.
9 (RLIN) 143683
245 10 - TITLE STATEMENT
Title Rural development :
Remainder of title principles and practice /
Statement of responsibility, etc. Malcolm J. Moseley.
260 ## - PUBLICATION, DISTRIBUTION, ETC. (IMPRINT)
Place of publication, distribution, etc. London :
Name of publisher, distributor, etc. SAGE,
Date of publication, distribution, etc. c2003.
300 ## - PHYSICAL DESCRIPTION
Pagination xii, 227 p. :
Illustrations ill. ;
Size 24 cm.
504 ## - BIBLIOGRAPHY, ETC. NOTE
Bibliography, etc Includes bibliographical references and index.
520 8# - SUMMARY, ETC.
Summary, etc. Moseley explains the mechanisms for planning, managing and financing rural development at the local level. The text provides students and practitioners with a primer that links the theory to the practice of 'doing' rural development.
650 #0 - SUBJECT ADDED ENTRY--TOPICAL TERM
Topical term or geographic name as entry element Rural development.
9 (RLIN) 143684
856 40 - ELECTRONIC LOCATION AND ACCESS
Public note SAGE knowledge
Uniform Resource Identifier <a href="http://sk.sagepub.com/books/rural-development">http://sk.sagepub.com/books/rural-development</a>
Public note MIT Access Only
942 ## - ADDED ENTRY ELEMENTS (KOHA)
Source of classification or shelving scheme Dewey Decimal Classification
Koha item type Books
Holdings
Lost status Source of classification or shelving scheme Damaged status Not for loan Collection code Permanent Location Current Location Shelving location Date acquired Source of acquisition Cost, normal purchase price Total Checkouts Full call number Date last seen Copy number Koha item type
  Dewey Decimal Classification     Non-fiction Central Library, University of Rajshahi Central Library, University of Rajshahi   24/10/2005 Dhaka pragon enterprise ltd 199.99   307.14120941 MOR 2003 07/08/2016 C-2 Books
  Dewey Decimal Classification   Not For Loan Non-fiction Central Library, University of Rajshahi Central Library, University of Rajshahi Reading Room 24/10/2005 Dhaka pragon enterprise ltd 199.99   307.14120941 MOR 2003 21/12/2016 C-1 Books